| 000 | 004750000a22001810004500 | ||
|---|---|---|---|
| 003 | LK-CoMWRAF | ||
| 008 | 230817t ||||| |||| 00| 0 eng d | ||
| 020 | _a1903679028 | ||
| 040 |
_aLK-CoMWRAF _dLK-CoMWRAF _eLK-CoMWRAF |
||
| 041 | _aeng | ||
| 082 |
_a335 _bBAL |
||
| 100 | _aBalasingham,Adele | ||
| 245 |
_aSuthandira Weatkai _bThamileela Widathalaip Porattam Ullirundu Oru Noakku |
||
| 260 |
_bFairmax _aEngland _c2002 |
||
| 300 | _ap.480 | ||
| 650 | _aTamil | ||
| 942 | _cBK | ||
| 999 |
_c693 _d693 |
||